| 000 | 01301nam a22003257a 4500 | ||
|---|---|---|---|
| 999 |
_c29515 _d29486 |
||
| 003 | EG-ScBUE | ||
| 005 | 20210930121116.0 | ||
| 008 | 210927s2006 ua a f b 000 0 ara d | ||
| 017 | _a2006/4354 | ||
| 020 | _a977616335 | ||
| 040 |
_aEG-ScBUE _bara _erda _cEG-ScBUE _dEG-ScBUE |
||
| 082 | 0 | 4 |
_a331.3463927 _bر ض و _222 |
| 100 | 1 |
_aرضوان، سمير، _eمعد. _eمحرر. |
|
| 245 | 1 | 2 |
_aالشباب والإصلاح والتحديث / _cإعداد وتحرير سمير رضوان، محسن يوسف ؛ تقديم إسماعيل سراج الدين |
| 264 | 1 |
_aالإسكندرية : _bمكتبة الإسكندرية، _c2006. |
|
| 300 |
_a183 صفحة : _bإيضاحيات ؛ _c24 سم |
||
| 336 |
_2rdacontent _aنص _btxt |
||
| 337 |
_2rdamedia _aبدون وسيط _bn |
||
| 338 |
_2rdacarrier _aمجلد _bnc |
||
| 504 | _aيشتمل على إرجاعات ببليوجرافية. | ||
| 541 |
_cDonation ; _aAlex.B. |
||
| 650 | 7 |
_aالبطالة. _2BUEsh |
|
| 650 | 7 |
_aالشباب _xتشغيل. _2BUEsh |
|
| 651 | 7 |
_aمصر _xتخطيط اقتصادي. _2BUEsh |
|
| 653 | 7 |
_bGGEN _cSeptember2021 |
|
| 655 | 7 |
_vReading book _934232 |
|
| 700 | 1 |
_aسراج الدين، إسماعيل، _eمقدم. |
|
| 700 | 1 |
_aيوسف، محسن، _eمعد ومحرر. |
|
| 942 | _2ddc | ||